000 01237nam a22003611i 4500
999 _c2852
_d2852
001 017408524
003 Uk
005 20230824080551.0
008 150616s2015 enkab 001|0|eng|d
015 _aGBB580168
_2bnb
016 7 _a017408524
_2Uk
020 _a9781107539303 (pbk.)
040 _aStDuBDS
_beng
_cStDuBDS
_dUk
_dKH8
_erda
042 _aukblsr
082 0 4 _a428.24 HEW
_223
100 1 _aHewings, Martin,
_eauthor.
245 1 0 _aAdvanced grammar in use :
_ba self-study reference and practice book for advanced learners of English /
_cMartin Hewings.
250 _aThird edition.
264 1 _aCambridge :
_bCambridge University Press,
_c2015.
300 _aix, 294 pages :
_billustrations (colour), maps (colour) ;
_c27 cm
336 _atext
_2rdacontent
336 _astill image
_2rdacontent
336 _acartographic image
_2rdacontent
337 _aunmediated
_2rdamedia
338 _avolume
_2rdacarrier
500 _aPrevious edition: 2005.
500 _aIncludes Internet access.
500 _aIncludes index.
650 0 _aEnglish language
_xGrammar.
650 0 _aEnglish language
_xGrammar
_vProblems, exercises, etc.
650 0 _aEnglish language
_vTextbooks for foreign speakers.
942 _2ddc
_cTR